000
00285nam a2200121 a 4500
001
4144
005
20140414131900.0
008
090317s19uu xx 00 eng d
050
_a
FIC
_b
B88 1986
100
_a
Bunting, Eve, 1928
245
_a
Sixth - grade sleepover.
999
_c
110622
_d
110622